[Event "FRA-chT U20"]
[Site "France"]
[Date "2012.05.27"]
[Round "?"]
[White "Lavault, Samuel"]
[Black "Lefebvre, Alexandre"]
[Result "0-1"]
[WhiteElo "1321"]
[BlackElo "1603"]
[PlyCount "56"]
[EventDate "2012.05.26"]
[EventType "team-swiss"]
[EventRounds "9"]
[EventCountry "FRA"]
[SourceTitle "EXT 2014"]
[Source "ChessBase"]
[SourceDate "2013.11.20"]
[SourceVersion "1"]
[SourceVersionDate "2013.11.20"]
[SourceQuality "1"]

1. e4 c5 2. Nf3 d6 3. d4 cxd4 4. Nxd4 Nf6 5. Nc3 g6 6. Bc4 Bg7 7. Be3 0-0 8. f3 Nc6 9. Qd2 Bd7 10. 0-0-0 Rc8 11. Bb3 a6 12. g4 b5 13. h4 Na5 14. Kb1 Nc4 15. Bxc4 bxc4 16. h5 Rb8 17. hxg6 fxg6 18. Nd5 Nxd5 19. exd5 Rxf3 20. c3 Rf7 21. Rdf1 Rxf1+ 22. Rxf1 Qa5 23. Qf2 Rf8 24. Qe2 Rxf1+ 25. Qxf1 Qxd5 26. Qe2 Qe4+ 27. Kc1 Bxg4 28. Qxc4+ d5 0-1

[Event "Agneaux St Lo op"]
[Site "Agneaux"]
[Date "2010.07.12"]
[Round "7"]
[White "Pannebakker, Joost Jan"]
[Black "Lefebvre, Alexandre"]
[Result "1-0"]
[WhiteElo "1164"]
[BlackElo "1350"]
[PlyCount "113"]
[EventDate "2010.07.07"]
[EventType "swiss"]
[EventRounds "9"]
[EventCountry "FRA"]
[SourceTitle "CBM 137 Extra"]
[Source "ChessBase"]
[SourceDate "2010.09.01"]
[SourceVersion "1"]
[SourceVersionDate "2010.09.01"]
[SourceQuality "1"]

1. d4 d5 2. c4 e6 3. Nc3 Nf6 4. Bg5 Nbd7 5. Nf3 h6 6. Bh4 g5 7. Bg3 c5 8. Nb5 Qb6 9. Nc7+ Kd8 10. Nxa8 Qxb2 11. Qc1 Qb4+ 12. Nd2 cxd4 13. Rb1 Qc5 14. cxd5 Qxd5 15. Qc7+ Ke8 16. Qxc8+ Ke7 17. Qxb7 Qc5 18. Qb4 Qxb4 19. Rxb4 Kd8 20. Rb1 Bg7 21. e4 Ke7 22. Nc7 e5 23. Nd5+ Nxd5 24. exd5 Nb6 25. Bd3 Nxd5 26. Rb7+ Kf6 27. Rxa7 Nc3 28. Ne4+ Nxe4 29. Bxe4 Rc8 30. 0-0 h5 31. Ra5 Ke6 32. f4 exf4 33. Bf5+ Kf6 34. Bxc8 Kg6 35. Bxf4 gxf4 36. Rxf4 d3 37. Rd5 d2 38. Rxd2 Bh6 39. Rfd4 Bxd2 40. Rxd2 f5 41. Bxf5+ Kxf5 42. a4 Ke4 43. a5 Ke3 44. a6 Kxd2 45. a7 Ke1 46. a8Q h4 47. Qe4+ Kd2 48. g3 h3 49. Qf3 Ke1 50. Qf2+ Kd1 51. Kf1 Kc1 52. Qe2 Kb1 53. Qd2 Ka1 54. Ke2 Kb1 55. Kd3 Ka1 56. Kc3 Kb1 57. Qb2# 1-0

[Event "Agneaux St Lo op"]
[Site "Agneaux"]
[Date "2010.07.10"]
[Round "5"]
[White "Gheorghe, Andrei Constantin"]
[Black "Lefebvre, Alexandre"]
[Result "1-0"]
[WhiteElo "1300"]
[BlackElo "1350"]
[PlyCount "111"]
[EventDate "2010.07.07"]
[EventType "swiss"]
[EventRounds "9"]
[EventCountry "FRA"]
[SourceTitle "CBM 137 Extra"]
[Source "ChessBase"]
[SourceDate "2010.09.01"]
[SourceVersion "1"]
[SourceVersionDate "2010.09.01"]
[SourceQuality "1"]

1. d4 d5 2. c4 e6 3. Nf3 Nf6 4. g3 Nbd7 5. cxd5 exd5 6. Bg2 Bb4+ 7. Bd2 Bxd2+ 8. Nbxd2 0-0 9. 0-0 c5 10. dxc5 Nxc5 11. Qc2 b6 12. Rac1 Ba6 13. Rfe1 Rc8 14. e3 Nce4 15. Qa4 Rxc1 16. Rxc1 Nxd2 17. Nxd2 Bd3 18. Qxa7 d4 19. e4 Re8 20. f3 Re7 21. Qa3 Bb5 22. Bh3 Rc7 23. Rxc7 Qxc7 24. Qb4 Qc5 25. Qxc5 bxc5 26. Bf1 Bxf1 27. Kxf1 Kf8 28. Ke2 Ke7 29. Kd3 Kd6 30. Nc4+ Kc6 31. b3 Kb5 32. a3 h5 33. Nd6+ Kc6 34. Nxf7 Nd7 35. f4 Kb5 36. Ne5 Nb6 37. h3 Ka5 38. Nc4+ Nxc4 39. Kxc4 Kb6 40. b4 d3 41. Kxd3 cxb4 42. axb4 Kb5 43. Kd4 Kxb4 44. Kd5 Kc3 45. e5 Kd3 46. e6 Ke3 47. e7 Kf3 48. e8Q Kxg3 49. Qe3+ Kh4 50. Qf3 g5 51. fxg5 Kxg5 52. Qg3+ Kh6 53. Ke6 h4 54. Qg4 Kh7 55. Kf7 Kh6 56. Qg6# 1-0